Central Library OPAC University of Rajshahi

বাংলাদেশ রাজনীতির চার দশক / (Record no. 65597)

MARC details
000 -LEADER
fixed length control field 00987nam a2200241 a 4500
001 - CONTROL NUMBER
control field 65597
003 - CONTROL NUMBER IDENTIFIER
rucl marc code BD-RjUL
005 - DATE AND TIME OF LATEST TRANSACTION
control field 20211209081437.0
008 - FIXED-LENGTH DATA ELEMENTS--GENERAL INFORMATION
fixed length control field 170308s2009 bg a|||| |||| 00| e ben d
020 ## - INTERNATIONAL STANDARD BOOK NUMBER
International Standard Book Number 9847008400675
Terms of availability : TK 500.00
035 ## - SYSTEM CONTROL NUMBER
System control number (BD-RjUL)65727
040 ## - CATALOGING SOURCE
Original cataloging agency BD-RjUL
Language of cataloging ben/eng
Transcribing agency BD-RjUL
Modifying agency BD-RjUL
041 ## - LANGUAGE CODE
Language code of text/sound track or separate title ben
082 ## - DEWEY DECIMAL CLASSIFICATION NUMBER
Edition number 23
Classification number 320.95492
Author mark and year BAN V-1 2009
245 00 - TITLE STATEMENT
Title বাংলাদেশ রাজনীতির চার দশক /
Statement of responsibility, etc. তারেক শামসুর রেহমান সম্পাদিত
260 ## - PUBLICATION, DISTRIBUTION, ETC. (IMPRINT)
Place of publication, distribution, etc. ঢাকা :
Name of publisher, distributor, etc. শোভা প্রকাশ,
Date of publication, distribution, etc. ২০০৯
300 ## - PHYSICAL DESCRIPTION
Pagination খণ্ড. ;
Size ২১ সেমি.
505 0# - FORMATTED CONTENTS NOTE
Formatted contents note খণ্ড ১ --
650 ## - SUBJECT ADDED ENTRY--TOPICAL TERM
Topical term or geographic name as entry element রাজনীতি
Form subdivision ইতিহাস
Geographic subdivision বাংলাদেশ
9 (RLIN) 230210
Topical term or geographic name as entry element Politics
Form subdivision History
Geographic subdivision Bangladesh
9 (RLIN) 230211
700 ## - ADDED ENTRY--PERSONAL NAME
Personal name রেহমান, তারেক শামসুর, সম্পাদক
942 ## - ADDED ENTRY ELEMENTS (KOHA)
Source of classification or shelving scheme Dewey Decimal Classification
Koha item type Books
Holdings
Lost status Source of classification or shelving scheme Damaged status Not for loan Collection code Permanent Location Current Location Shelving location Date acquired Source of acquisition Cost, normal purchase price Total Checkouts Full call number Date last seen Copy number Koha item type Date checked out
  Dewey Decimal Classification   Not For Loan Non-fiction Central Library, University of Rajshahi Central Library, University of Rajshahi Reading Room 08/03/2009 Author 500.00   B 320.95492 BAN V-1 2009 08/03/2017 C-1 Books  
  Dewey Decimal Classification     Non-fiction Central Library, University of Rajshahi Central Library, University of Rajshahi   02/09/2019 Vidyasagar, Rajshahi 500.00 3 B 320.95492 BAN V-1 2009 04/02/2024 C-2 Books 04/02/2024